000 00331cam a2200133 a 4500
020 _a0517347970
050 0 0 _aPS3537.H384
_bA15 1993
100 1 _aShaw, Irwin,
_d1913-1984.
245 1 0 _aIrwin Shaw, three complete novels.
250 _a1993
260 _aNew York :
_bAvenel Books,
_c1993
300 _a770 p. ;
942 _2lcc
_cGEN
999 _c10333
_d10333